Best-Selling Albums by Year in U.S. - Statistics

General Stats
  • This quiz has been taken 98 times
    97 since last reset
  • The average score is 22 of 37
Answer Stats
Year Album Artist % Correct
2015 25 Adele
97%
2012 21 Adele
97%
2011 21 Adele
97%
1984 Thriller Michael Jackson
95%
1983 Thriller Michael Jackson
95%
1988 Faith George Michael
86%
1997 Spice Spice Girls
86%
1993 The Bodyguard/Soundtrack Whitney Houston
86%
1986 ------- ------- Whitney Houston
86%
1985 Born In The U.S.A Bruce Springsteen
85%
1990 ----- -------'s Rhythm Nation 1814 Janet Jackson
85%
2003 Get Rich or Die Tryin' 50 Cent
77%
2010 Recovery Eminem
77%
2002 The ------ Show Eminem
77%
2014 1989 Taylor Swift
71%
2009 Fearless Taylor Swift
71%
1994 The Lion King/Soundtrack Elton John
70%
1980 Wall Pink Floyd
70%
1987 Slippery When Wet Bon Jovi
65%
2017 ÷ Ed Sheeran
65%
1996 Jagged Little Pill Alanis Morissette
61%
2001 Hybrid Theory Linkin Park
52%
1999 Millenium Backstreet Boys
48%
2008 Tha Carter III Lil Wayne
48%
2005 The Emancipation of Mimi Mariah Carey
47%
1991 ------ ----- Mariah Carey
47%
2016 Views Drake
45%
2004 Confessions Usher
42%
2013 The 20/20 Experience Justin Timberlake
41%
2000 No Strings Attached NSYNC
36%
1995 Cracked Rear Mirror Hootie and the Blowfish
27%
1989 Don't Be Cruel Bobby Brown
20%
1981 Hi Infidelity REO Speedwagon
17%
1998 Titanic/Soundtrack James Horner
11%
1992 Some Gave All Billy Ray Cyrus
8%
2007 Noël Josh Groban
8%
1982 ---- Asia
3%
No matching quizzes found
Score Distribution
Percent of People with Each Score
Percentile by Number Answered
Your Score History
You have not taken this quiz since the last reset